• 首页
  • 本馆介绍
  • 公告通知
  • 最新文献
  • 馆藏检索
  • 电子资源
  • 读者导购
  • 参考咨询
  • 我的图书馆
  • 登录
  • 详细信息显示
  • 放入我的书架
  • 预约/预借图书
  • 作者相关作品
  • 分类相关作品
  • 丛书相关作品
  • 出版社相关作品

书目信息

  • 表格格式
  • 工作单格式
  • 卡片格式
题名:
现代心理学的方法论和历史发展中的一些问题
    
 
作者: 赵嬖如
分册:  
出版信息: 河南   中国社会科学  1983
页数: 490页
开本: 20cm
丛书名:
单 册:
中图分类: B84-05
科图分类:
主题词: 心理学
电子资源:
ISBN:
000 00610nam0 2200193 450
001 0753865015
005 20070818145745.01
010    @d¥1.45
100    @a20070818d km y0chiy0120 ea
101 0  @achi
200 1  @a现代心理学的方法论和历史发展中的一些问题@Axian dai xin li xue de fang fa lun he li shi fa zhan zhong de yi xie wen ti@e论文集(二)@f赵嬖如@Fzhao bi ru
210    @a河南@c中国社会科学@d1983
215    @a490页@d20cm
517 1  @a论文集(二)@Alun wen ji(er)
606 0  @a心理学
690    @aB84-05@v3
701  0 @a赵嬖如@Azhao bi ru
801  0 @aCN@bPFT@c20070818
905    @a213230@dB84-05@ee89@f1
    
    现代心理学的方法论和历史发展中的一些问题:论文集(二)/赵嬖如.-河南:中国社会科学,1983
    490页;20cm
    
    
    ISBN :¥1.45
    
●
相关链接 在E读中查询图书 在五车中查询图书 在当当中查询图书 在豆瓣中查询图书


正题名:现代心理学的方法论和历史发展中的一些问题     索取号:B84-05/e89         预约/预借

序号 登录号 条形码 馆藏地/架位号 状态 备注
1 6300139   263001398   教育系资料室/ [索取号:B84-05/e89] 在馆    
唐山师范学院图书馆 欢迎您!
大连网信软件有限公司© 版权所有